00514nam a2200169 i 450000100060000000300090000600500170001500700030003200800410003510000220007624501040009826000390020230000360024165000260027770000200030385200210032387323ES-MaACL20230906175640.0t|041221s1910 gw ||||1| ger d1 aKraus, Friedrich.14aDas elektrokardiogramm des gesunden und kranken menschen / cvon Friedrich Kraus und Georg Nicolai. aLeipzig : bVeit und Camp, c1910. aXXII, 322 p. : bil. ; c23 cm. 4aElectrocardiología.1 aNicolai, Georg. aES-MaACLjF-8714